| 000 | 00386nam a22001337a 4500 | ||
|---|---|---|---|
| 020 | _a0821308866 | ||
| 082 |
_a333.90091724 _bPAU _cD |
||
| 245 |
_aCommunity participation in development projects _cPaul, Samuel |
||
| 260 |
_aWashington _bThe world bank _c1987 |
||
| 300 |
_av, 35. : _bill, ; _c24 cm. |
||
| 526 |
_a0 _b0 _c0 _d333_900917240000000_PAU |
||
| 650 |
_aD _96527 |
||
| 942 |
_2ddc _cBK |
||
| 999 |
_c541997 _d541997 |
||